000 00877nam a22002177a 4500
003 UA-OsUOA
001 57953
007 ta
008 20090119b un ||||| |||| 00| 0 ukr d
100 _aБучковський Л.
090 _a34
_bБ94
942 _cSA
040 _aUA-OsUOA
_bukr
_cUA-OsUOA
_dUA-OsUOA
245 _aПеревірка дійсності парламентських виборів на підставі Законну від 12 ківтня 2001 р. "Про вибори до сейму республіки Польщі і сенату республіки Польща"
300 _aС.123-132
955 _a0
041 _aukr
080 _a34
773 0 _w57940
_tСучасний конституціоналізм: досвід нових демократій
_dК.
_d2009
_g1
650 7 _a34 Право. Юриспруденція
_2UDC
999 _c344037
_d344037